00987nas a2200229 4545000010006000000050017000060080037000230030015000600400040000750800083001152450056001982640034002545050156002880410008004441000097004527000023005496500020005726500033005926500017006256500012006428560103006543558120260407193509.0260407s1984####ag###########|||spa#dAR-UNSa-BCEJYS aAR-UNSa-BCEJYSbspacAR-UNSa-BCEJYS a001xCiencia y conocimiento en general. Organización del trabajo intelectual10aBoletín de la secretaría de ciencia y técnica 1aBuenos Aires :bCONICETc1984 aFerecuencia: Cuatrimestral Cambia de título a partir del Nº 13 año 1987 Cambia de Director a partir del Año 4, Nº 12 por Rebeca Cherep de Guber aspa1 aArgentina. Ministerio de Educación y Justicia. Secretaría de Ciencia y Técnica (SECYT)1 aLores Arnaiz, M.R. aInvestigación aInvestigación y desarrollo aTecnología aCiencia41uhttps://biblioeco.unsa.edu.ar/pmb//images/revistas/bltinSecCsTg.jpgyImagen de portadaqimage/jpeg